00588nam a2200169 a 450000100100000000500170001000800410002704000250006808200150009311000440010824500610015226000360021330000300024904900090027995201130028899900170040100002884620200930055155.0110412s2006 dr c 000 0 spa d aDO-SdBNPbspacBNPHU axxxxbA7722 aArquidiócesis de Santo Domingo95367410aTrataremos a los demás, como nos gusta que nos traten. aSanto Domingo :bBúho,c2006. a36 p. :bretrs. ;c21 cm. aBNPD 0010718PDaPDbPDcCTd2011-04-12iLF1l0oxxxx A772p28846-10r2020-06-25w2020-06-25yLFPDZNo se presta c28338d28338